000 00993nam a22002777a 4500
005 20080711111158.0
006 a|||||r|||||00| 0
008 080711t xxu||||| |||| 00| 0 eng d
010 _aENG-90544
020 _a0070666997
_c475.00
035 _aEN-74077
037 _bDBAD / PUB
040 _aDPL
_bEN
082 _a658.848
100 _aCateora, Philip R.
245 _aInternational marketing /
_cby Philip R. Cateora, John L. Graham [and] Prashant Salwan
250 _a13th ed
260 _aNew Delhi
_bTata McGraw-Hill Publishing
_c2008
270 _a7 West Patel Nagar
_bNew Delhi
_e110008
300 _axxi, 888p.:
_c24cm.(pbk)
_bill.
500 _aIncludes glossary and index
700 _aGraham, John L.
700 _aSalwan, Prashant
942 _2ddc
_cEN
_h658.848
_mCAT
999 _c14512
_d14512